[Event "Novy Bor op-A"]
[Site "Novy Bor"]
[Date "2014.10.16"]
[Round "5"]
[White "Majstr, Jiri"]
[Black "Rehacek, Josef"]
[Result "1-0"]
[WhiteElo "1853"]
[BlackElo "1761"]
[PlyCount "53"]
[EventDate "2014.09.18"]
[EventType "swiss"]
[EventRounds "9"]
[EventCountry "CZE"]
[SourceTitle "EXT 2016"]
[Source "ChessBase"]
[SourceDate "2015.10.08"]
[SourceVersion "1"]
[SourceVersionDate "2015.10.08"]
[SourceQuality "1"]

1. e4 e5 2. Nf3 Nc6 3. Bc4 d6 4. d4 exd4 5. Nxd4 Ne5 6. Bb3 Nf6 7. Nc3 h6 8. 0-0 Be7 9. f4 Bg4 10. Qe1 Nc6 11. Nxc6 bxc6 12. e5 Nh7 13. Qg3 f5 14. exf6 Nxf6 15. h3 Bf5 16. Qf3 Bd7 17. Ne4 d5 18. Nxf6+ Bxf6 19. c3 0-0 20. Be3 Kh8 21. Bc2 Be8 22. Rae1 a5 23. Bc5 Rg8 24. Qd3 g6 25. Re6 Bd7 26. Rxf6 Bf5 27. Rxf5 1-0

[Event "Novy Bor op-A"]
[Site "Novy Bor"]
[Date "2014.09.25"]
[Round "2"]
[White "Brabec, Herbert"]
[Black "Rehacek, Josef"]
[Result "0-1"]
[WhiteElo "1709"]
[BlackElo "1761"]
[PlyCount "34"]
[EventDate "2014.09.18"]
[EventType "swiss"]
[EventRounds "9"]
[EventCountry "CZE"]
[SourceTitle "EXT 2016"]
[Source "ChessBase"]
[SourceDate "2015.10.08"]
[SourceVersion "1"]
[SourceVersionDate "2015.10.08"]
[SourceQuality "1"]

1. Nf3 d5 2. b3 Nc6 3. d4 Bf5 4. c3 Nf6 5. Bf4 e6 6. Nh4 Bxb1 7. Qxb1 Ne4 8. Nf3 Nxc3 9. Qd3 Ne4 10. a3 Bd6 11. Bxd6 cxd6 12. e3 0-0 13. Ra2 Qa5+ 14. Nd2 Nb4 15. axb4 Qxa2 16. Nxe4 dxe4 17. Qxe4 Rac8 0-1